00800cam a22002651 4500001001300000003000400013005001700017008004100034010001700075025001900092035002000111040001800131042001200149050001600161110004900177245004000226260002300266300001800289500006800307651003300375651002700408651002700435740005500462999001700517sa 66001072 DLC20260227112219.0861104s1964 ii r 000 0 eng  asa 66001072  aPL480:I-E-3374 a(OCoLC)14631423 aDLCcWaUdDLC apremarc00aHF3833b.I51 aIndia.bDirectorate of Commercial Publicity.10aImporters of Indian products: Iran. a[New Delhi,c1964] a12 p.c24 cm. aCover title: Directory of importers of Indian products in Iran. 0aIranxCommercevDirectories. 0aIranxCommercezIndia. 0aIndiaxCommercezIran.0 aDirectory of importers of Indian products in Iran. c67575d67575